00906cam a2200253 a 45000010008000000030004000080050017000120080041000290100017000700200022000870400018001090410011001270500023001380820014001611000030001752400024002052450164002292600030003933000036004235000031004596500032004906500042005228560088005644770648OSt20180116192413.0870805s1987 nyua 000 0 eng  a 86024342  a0486253325 (pbk.) aDLCcDLCdDLC1 aengfre00aNA9095b.L413 198700a711.42210 aLe Corbusier,d1887-1965.10aUrbanisme.lEnglish14aThe city of to-morrow and its planning /cby Le Corbusier ; translated from the 8th French edition of Urbanisme and with an introduction by Frederick Etchells. aNew York :bDover,c1987. axxvii, 301 p. :bill. ;c25 cm. aTranslation of: Urbanisme. 0aCity planningxForecasting. 0aCity planningxHistoryy20th century.423Publisher descriptionuhttp://www.loc.gov/catdir/description/dover032/86024342.html